Statistiques concernant Les brésiliens en Ligue 1

Cliquez ici pour prendre le quiz!

Statistiques générales

  • Ce quiz a été pris 957 fois
  • Le résultat moyen est 6 sur 20

Statistiques - réponses

ClubJoueur% Correct
ParisThiago Silva
82%
ParisMarquinhos
81%
ParisLucas
58%
NiceDante
49%
ParisMaxwell
48%
MonacoFabinho
43%
BordeauxMalcom
42%
MontpellierHilton
36%
MonacoJemerson
30%
LyonRafael
25%
MarseilleDoria
19%
NantesDiego Carlos
18%
GuingampMarcal
13%
ParisThiago Motta
10%
NiceDalbert
8%
NantesLima
8%
MonacoBoschilia
7%
MonacoJorge
6%
LilleGabriel
5%
ToulouseSomalia
4%

Distribution des résultats

Percentile par nombre de réponses

% des personnes avec chaque résultat

Votre développement - résultats

Vous n’avez pas pris ce quiz